000 00737nam a2200265Ia 4500
003 OSt
005 20221007081515.0
006 a|||||r|||| 00| 0
007 ta
008 221006b |||||||| |||| 00| 0 eng d
020 _a0029209307
024 _a7,943
037 _cTextual
040 _aFLL
_cFLL
_beng
041 _2eng
_aeng
082 _aYb4, L9
100 _aMerton Robert K.
245 0 _aQualitative and quantitative social research
260 _aNew York
_bThe Free Press New
_c1979
300 _axviii,413p
_ccm.
700 _a Coleman James S.
700 _a Rossi Peter H.
_9127427
942 _hYb4, L9
_cTEXL
_2CC
999 _c1163273
_d1163273